[Event "Innsbruck op-B 2nd"]
[Site "Innsbruck"]
[Date "2018.08.26"]
[Round "2"]
[White "Nat, Victor"]
[Black "Svanda, Adam"]
[Result "0-1"]
[WhiteElo "1441"]
[BlackElo "1841"]
[PlyCount "88"]
[EventDate "2018.08.24"]
[EventType "swiss"]
[EventRounds "9"]
[EventCountry "AUT"]
[SourceTitle "CBM 186 Extra"]
[Source "ChessBase"]
[SourceDate "2018.08.24"]
[SourceVersion "1"]
[SourceVersionDate "2018.08.24"]
[SourceQuality "1"]

1. e4 c5 2. Nf3 e6 3. d4 cxd4 4. Nxd4 Nf6 5. Nc3 d6 6. Bg5 Be7 7. Qd2 a6 8. h3 0-0 9. 0-0-0 b5 10. Bd3 Bb7 11. a3 Nbd7 12. f4 Nc5 13. e5 dxe5 14. fxe5 Nd5 15. Bxe7 Qxe7 16. Qe1 Nxc3 17. Qxc3 Nxd3+ 18. Qxd3 Bxg2 19. Rhg1 Bd5 20. Ne2 Qh4 21. Rg3 Qe4 22. Qxe4 Bxe4 23. Rdg1 g6 24. Nf4 Kh8 25. h4 h5 26. Rc3 Rac8 27. Rgg3 Rfd8 28. Nh3 Bf5 29. Ng5 Kg7 30. Rge3 a5 31. b4 axb4 32. axb4 f6 33. exf6+ Kxf6 34. Ne4+ Bxe4 35. Rxc8 Rxc8 36. Rxe4 Kf5 37. Re3 Rc4 38. Rf3+ Ke5 39. Rg3 Kf6 40. Rf3+ Kg7 41. Re3 Rxb4 42. Rxe6 Rxh4 43. Rb6 b4 44. Kb2 Rf4 0-1